000 00555nam a2200205Ia 4500
005 20260429112015.0
008 260429s9999||||xx |||||||||||||| ||und||
020 _a9781032971223
041 _aEnglish
082 _a571.3
_bADR
100 _aAdriaens, Dominique
245 0 _aExploring the evolution of our ancestors /
_cDominique Adriaens
250 _a1st ed.
260 _aBoca Raton :
_bCRC Press,
_c2026.
300 _aix, 319 p.; pbk
650 _a Anthropology
650 _a Paleoanthropology
650 _aHuman evolution
942 _cTB
999 _c51859
_d51859